[Event "Let's Play Chess!"]
[Site "http://www.queenalice.com/game.php?id=1512602"]
[Date "2018.1.20"]
[Round "-"]
[White "igorjava"]
[Black "ayanami"]
[Result "1-0"]
[WhiteElo "1979"]
[BlackElo "1200"]

1. e4 e5 2. f4 f6 3. f5 c6 4. Qh5+ g6 5. fxg6 Bb4 6. g7+ Ke7 7. gxh8=Q Na6 8. c3
d6 9. Q5xh7+ Ke6 10. Q8xg8+ Qxg8 11. Qxg8+ Ke7 12. cxb4 c5 13. bxc5 Nxc5 14. Nc3
Kd7 15. Qd5 Rb8 16. Nb5 a6 17. Qxd6+ Ke8 18. Nc7+ Kf7 19. Bc4+ Be6 20. Nxe6 Nxe6
21. Qxb8 Kg6 22. Bxe6 Kg5 23. d3+ Kh5 24. Qh8+ Kg6 25. Qh6# 1-0

[Event "Lindo x burra :("]
[Site "http://www.queenalice.com/game.php?id=1513999"]
[Date "2018.1.29"]
[Round "-"]
[White "The_Clown"]
[Black "ayanami"]
[Result "1-0"]
[WhiteElo "1696"]
[BlackElo "1198"]

1. d4 d5 2. c4 e6 3. cxd5 Bb4+ 4. Bd2 a5 5. Bxb4 axb4 6. dxe6 fxe6 7. e4 Ne7 8.
Qh5+ g6 9. Qe5 Rf8 10. Nf3 Nec6 11. Qc5 Ne7 12. Bb5+ Nd7 13. Qxb4 Nc6 14. O-O
Nxb4 15. Nbd2 c5 16. dxc5 h5 17. c6 bxc6 18. Bc4 1-0

[Event "Challenge"]
[Site "http://www.queenalice.com/game.php?id=1519112"]
[Date "2018.3.10"]
[Round "-"]
[White "Nolan170"]
[Black "ayanami"]
[Result "0-1"]
[WhiteElo "949"]
[BlackElo "1201"]

1. Nf3 f5 2. d3 g6 3. Bf4 Nc6 4. Qc1 b5 5. c4 b4 6. a3 a5 7. b3 d6 8. e3 Bg7 9.
Ra2 Nf6 10. Be2 e5 11. Bg3 g5 12. Nxg5 h6 0-1

[Event "Challenge"]
[Site "http://www.queenalice.com/game.php?id=1519121"]
[Date "2018.3.10"]
[Round "-"]
[White "ayanami"]
[Black "Nolan170"]
[Result "1-0"]
[WhiteElo "1194"]
[BlackElo "965"]

1. d4 d5 2. c3 Bf5 3. Nd2 Nc6 4. Ngf3 Qd7 5. Nh4 Bg6 6. Nxg6 fxg6 7. Nf3 O-O-O
8. Bf4 h6 9. Qc2 Nf6 10. Qxg6 e5 11. Bxe5 Be7 12. Qxg7 1-0

[Event "Challenge"]
[Site "http://www.queenalice.com/game.php?id=1529960"]
[Date "2018.6.5"]
[Round "-"]
[White "jenyasm"]
[Black "ayanami"]
[Result "1-0"]
[WhiteElo "1419"]
[BlackElo "1201"]

1. e4 e5 2. Nf3 d6 3. Bb5+ c6 4. Ba4 Nf6 5. d3 Be7 6. O-O O-O 7. Nc3 Ng4 8. h3
Nf6 9. b3 b5 10. Bxb5 cxb5 11. Nxb5 Nc6 12. a4 Ba6 13. Bd2 Bxb5 14. axb5 Na5 15.
Bxa5 Qc8 16. b6 axb6 17. Bxb6 Nd7 18. Ba5 Nc5 19. b4 Na4 20. Rxa4 Qe6 21. b5
Rac8 22. b6 Rc3 23. Bxc3 d5 24. b7 f5 25. exf5 Qxf5 26. Qb1 d4 27. Bb4 Re8 28.
Bxe7 Rxe7 29. b8=Q+ Qf8 30. Q1b3+ Re6 31. Qxe6+ Kh8 32. Qxf8# 1-0

[Event "AUTO-OPEN-3965"]
[Site "http://www.queenalice.com/game.php?id=1538871"]
[Date "2018.8.15"]
[Round "1"]
[White "clovis"]
[Black "ayanami"]
[Result "1-0"]
[WhiteElo "1877"]
[BlackElo "1188"]

1. e4 e5 2. Bc4 h6 3. Nf3 Nc6 4. O-O Bc5 5. c3 Nge7 6. d4 Bd6 7. dxe5 Nxe5 8.
Nxe5 Bxe5 9. Qh5 g6 10. Qxe5 d6 11. Qxh8+ Ng8 12. Qxg8+ Kd7 13. Qxf7+ Kc6 14.
Be3 h5 15. Na3 a5 16. Bb5# 1-0

[Event "AUTO-OPEN-3965"]
[Site "http://www.queenalice.com/game.php?id=1538897"]
[Date "2018.8.15"]
[Round "1"]
[White "dnptrs"]
[Black "ayanami"]
[Result "1-0"]
[WhiteElo "2154"]
[BlackElo "1192"]

1. d4 d5 2. Nf3 a6 3. e3 Nd7 4. c4 c6 5. Nc3 b5 6. cxd5 cxd5 7. Nxd5 e6 8. Nc3
Nb6 9. Be2 Nc4 10. Bxc4 bxc4 11. Ne5 Ne7 12. Qf3 Bb7 13. Qxb7 a5 14. Qb5+ Qd7
15. Qxd7# 1-0

[Event "AUTO-OPEN-3965"]
[Site "http://www.queenalice.com/game.php?id=1538898"]
[Date "2018.8.15"]
[Round "1"]
[White "ayanami"]
[Black "dnptrs"]
[Result "0-1"]
[WhiteElo "1194"]
[BlackElo "2133"]

1. d4 Nf6 2. f4 d5 3. Nf3 e6 4. Ne5 c5 5. Nf3 Nc6 6. a3 Bd6 7. g3 cxd4 8. Nxd4
Qb6 9. e3 e5 10. Nxc6 bxc6 11. Nd2 Qxe3+ 12. Be2 Bc5 13. fxe5 Qf2# 0-1

[Event "AUTO-OPEN-3965"]
[Site "http://www.queenalice.com/game.php?id=1538913"]
[Date "2018.8.15"]
[Round "1"]
[White "maurice91"]
[Black "ayanami"]
[Result "1-0"]
[WhiteElo "1891"]
[BlackElo "1186"]

1. d4 d5 2. c4 c6 3. Bf4 Nd7 4. e3 g6 5. Nf3 Ngf6 6. Nc3 e5 7. dxe5 Ne4 8. cxd5
cxd5 9. Nxd5 b5 10. Nf6+ Nexf6 11. exf6 Nxf6 12. Qxd8+ Kxd8 13. Bxb5 Bb4+ 14.
Nd2 Re8 15. Bxe8 Kxe8 16. a3 Nd5 17. axb4 Nxb4 18. O-O Rb8 19. Bxb8 a6 20. Bd6
Nd3 21. Rxa6 Bxa6 22. Ra1 Bc4 23. Nxc4 1-0

[Event "AUTO-OPEN-3965"]
[Site "http://www.queenalice.com/game.php?id=1538914"]
[Date "2018.8.15"]
[Round "1"]
[White "ayanami"]
[Black "maurice91"]
[Result "0-1"]
[WhiteElo "1190"]
[BlackElo "1987"]

1. d4 d5 2. Nc3 Nf6 3. Bg5 e6 4. Nh3 c6 5. Qd2 Nbd7 6. O-O-O c5 7. e3 Qa5 8. Nf4
cxd4 9. exd4 Be7 10. g4 Nxg4 11. Bd3 Bxg5 12. Rhe1 Nb6 13. Rg1 f5 14. b3 h6 15.
Ng6 Bxd2+ 16. Rxd2 Qxc3 17. Nxh8 Qa1# 0-1